Normal view
MARC view
Entry Topical Term
001 - CONTROL NUMBER
- control field: 3623
003 - CONTROL NUMBER IDENTIFIER
- control field: BD-RjUL
005 - DATE AND TIME OF LATEST TRANSACTION
- control field: 20220615115213.0
008 - FIXED-LENGTH DATA ELEMENTS
- fixed length control field: 220615|| aca||aabn | a|a d
040 ## - CATALOGING SOURCE
- Original cataloging agency: BD-RjUL
- Transcribing agency: BD-RjUL
150 ## - HEADING--TOPICAL TERM
- Topical term or geographic name entry element: মুসলিম সমাজ
- Form subdivision: সমাজ সংস্কারক
- Geographic subdivision: রাজশাহী
670 ## - SOURCE DATA FOUND
- Source citation: Work cat.: (BD-RjUL)79970: ওবায়দুল্লাহ, মো. 3622, মুসলিম সমাজের উন্নয়নে খান বাহাদুর এমাদউদ্দিন আহমদ এর অবদান (১৮৭৫-১৯৩৬) /, ২০০৯